000 00196nam a2200097Ia 4500
008 240331s9999 xx 000 0 und d
082 _bPON
100 _aPonnaiyan,N
245 0 _aNimirvu
942 _cL
999 _c4698
_d4698